000 00267nam a22001097a 4500
008 170119b xxu||||| |||| 00| 0 eng d
020 _a1418064114
041 _aeng
080 _26TH
_a618.2
245 _aADMINISTRATIVE MEDICAL ASSISTING
_cFORDNEY, M.T
942 _2udc
_cBK
999 _c3186
_d3186